00622nam a2200157 a 4500008004100000020001500041050001700056100002200073245016000095260006400255300003100319350000900350650004400359650003900403700002200442100930s2004 ||||||||||||||||| || u a0130890669 aQD 96.N8 Lam aLambert, Joseph B10aNuclear magnetic resonance spectroscopy: an introduction to principles, applications, and experimental methodscby Joseph B. Lambert and Eugene, P. Mazzola aUpper Saddle River, New Jersey:bPerson/Prentice Hallc2004 axiv, various pagings.: ill a0.00 aNUCLEAR MAGNETIC RESONANCE SPECTROSCOPY 0aCHEMISTRY--HANDBOOKS, MANUALS, ETC aMazzola, Eugene P